<?xml version="1.0" encoding="UTF-8"?>
<collection xmlns:xsi="http://www.w3.org/2001/XMLSchema-instance" xsi:schemaLocation="http://www.loc.gov/MARC21/slim http://www.loc.gov/standards/marcxml/schema/MARC21slim.xsd" xmlns="http://www.loc.gov/MARC21/slim">
 <record>
  <leader>00000nam a22000004a 4500</leader>
  <controlfield tag="001">UP-8027390931311906628</controlfield>
  <controlfield tag="003">Buklod</controlfield>
  <controlfield tag="005">20250519164458.0</controlfield>
  <controlfield tag="006">t     rb   |||| u|</controlfield>
  <controlfield tag="007">ta</controlfield>
  <controlfield tag="008">250519s2023    nyua    rb   |||1 u|eng d</controlfield>
  <datafield tag="020" ind1=" " ind2=" ">
   <subfield code="a">9781984680631</subfield>
  </datafield>
  <datafield tag="037" ind1=" " ind2=" ">
   <subfield code="a">GRC-3935</subfield>
   <subfield code="b">SERV Enterprises</subfield>
   <subfield code="c">Php6,450.00</subfield>
   <subfield code="n">Graduate Resource Center</subfield>
  </datafield>
  <datafield tag="040" ind1=" " ind2=" ">
   <subfield code="a">BAG</subfield>
   <subfield code="d">BAG</subfield>
   <subfield code="e">rda</subfield>
  </datafield>
  <datafield tag="041" ind1="0" ind2=" ">
   <subfield code="a">eng</subfield>
  </datafield>
  <datafield tag="090" ind1=" " ind2="0">
   <subfield code="a">HD 30.28</subfield>
   <subfield code="b">T569 2023</subfield>
  </datafield>
  <datafield tag="110" ind1="2" ind2=" ">
   <subfield code="a">3G E-Learning LLC, USA</subfield>
   <subfield code="b">[author, aditor].</subfield>
  </datafield>
  <datafield tag="245" ind1="1" ind2="0">
   <subfield code="a">Strategic management</subfield>
   <subfield code="b">world edition</subfield>
   <subfield code="c">[authored and edited by] 3G E-Learning LLC, USA.</subfield>
  </datafield>
  <datafield tag="250" ind1=" " ind2=" ">
   <subfield code="a">2nd edition.</subfield>
  </datafield>
  <datafield tag="264" ind1=" " ind2="4">
   <subfield code="a">New York, NY, United States of America</subfield>
   <subfield code="b">3G E-Learning LLC</subfield>
   <subfield code="c">©2023.</subfield>
  </datafield>
  <datafield tag="300" ind1=" " ind2=" ">
   <subfield code="a">ix, 407 pages</subfield>
   <subfield code="b">color illustrations</subfield>
   <subfield code="c">26 cm.</subfield>
  </datafield>
  <datafield tag="336" ind1=" " ind2=" ">
   <subfield code="a">text</subfield>
   <subfield code="2">rdacontent</subfield>
  </datafield>
  <datafield tag="337" ind1=" " ind2=" ">
   <subfield code="a">unmediated</subfield>
   <subfield code="2">rdamedia</subfield>
  </datafield>
  <datafield tag="338" ind1=" " ind2=" ">
   <subfield code="a">volume</subfield>
   <subfield code="2">rdacarrier</subfield>
  </datafield>
  <datafield tag="504" ind1=" " ind2=" ">
   <subfield code="a">Includes bibliographical references and index.</subfield>
  </datafield>
  <datafield tag="505" ind1="0" ind2=" ">
   <subfield code="a">CHAPTER 1. STRATEGIC MANAGEMENT: AN INTRODUCTION: Introduction -- Introducing Strategy And Strategy Making -- Fundamentals of Strategic Management -- Aspects of Strategic Management.&#13;
 CHAPTER 2. STRATEGY FORMULATION AND IMPLEMENTATION: Introduction -- Strategy Formulation -- Strategy Implementation -- Formulation of Functional Strategy -- Strategic Business Unit (BSU).&#13;
CHAPTER 3. STRATEGIC EVALUATION AND CONTROL: Introduction -- Strategy Evaluation Process And Its Significance -- Strategic Control Process -- Concept Of Synergy And Its Meaning.&#13;
 CHAPTER 4. BUSINESS POLICY AND DECISION MAKING: Introduction -- Business Policy -- Business Policy and Its Importance -- Concept of Decision Making -- Decision Making in Management: Definition and Features.&#13;
CHAPTER 5. BUSINESS CONTINUITY PLAN: Introduction -- Concepts Of Business Continuity Plan (BCP) -- Disaster Recovery And Business Continuity -- Conclusion.&#13;
CHAPTER 6. STRATEGIC ALLIANCES: Introduction -- Concept of Strategic Alliance -- Creativity -- Business Innovation.&#13;
CHAPTER 7. BUSINESS ETHICS AND CORPORATE SOCIAL RESPONSIBILITY: Introduction -- Corporate Social Responsibility -- Business Ethics and Corporate Social Responsibility For Business Success And Growth -- Conclusion.</subfield>
  </datafield>
  <datafield tag="520" ind1=" " ind2=" ">
   <subfield code="a">&quot;This edition is completely revised and new topics are added. This comprehensive text entitled Strategic Management is a balanced coverage of both theory and practice, dealing with the essential elements of strategy making and concentrates on how the environmental context can be read to identify opportunities which will create and maintain competitive advantage.&quot; -- Preface</subfield>
  </datafield>
  <datafield tag="650" ind1=" " ind2="0">
   <subfield code="a">Strategic planning.</subfield>
  </datafield>
  <datafield tag="650" ind1=" " ind2="0">
   <subfield code="a">Strategic management.</subfield>
  </datafield>
  <datafield tag="905" ind1=" " ind2=" ">
   <subfield code="a">FO</subfield>
  </datafield>
  <datafield tag="852" ind1="0" ind2=" ">
   <subfield code="a">UPBAG</subfield>
   <subfield code="b">GRC</subfield>
   <subfield code="h">HD 30.28</subfield>
   <subfield code="i">T569 2023</subfield>
  </datafield>
  <datafield tag="942" ind1=" " ind2=" ">
   <subfield code="a">Book</subfield>
  </datafield>
 </record>
</collection>
